[Event "XIII Open Internacional Marques de Pombal"]
[Site "EXPOCENTRO - POMBAL"]
[Date "2022.10.06"]
[Round "3.1"]
[White "Khamrakulov, Ibragim S."]
[Black "Peixoto, Helio Ricardo Soutinho"]
[Result "1-0"]
[BlackElo "1969"]
[WhiteElo "2421"]
[LiveChessVersion "1.4.8"]

1. e4 {[%clk 1:30:49]} c5 {[%clk 1:31:19]} 2. c3 {[%clk 1:30:50]} d5
{[%clk 1:31:20]} 3. exd5 {[%clk 1:31:05]} Qxd5 {[%clk 1:31:40]} 4. d4
{[%clk 1:30:49]} Nc6 {[%clk 1:31:36]} 5. dxc5 {[%clk 1:30:27]} Qxd1+
{[%clk 1:15:39]} 6. Kxd1 {[%clk 1:25:19]} Nf6 {[%clk 1:15:39]} 7. Nf3
{[%clk 1:22:35]} g6 {[%clk 1:15:31]} 8. Bb5 {[%clk 1:17:22]} Bd7 {[%clk 1:15:24]}
9. Nbd2 {[%clk 1:16:18]} Bg7 {[%clk 1:15:18]} 10. Ke2 {[%clk 1:14:20]} O-O
{[%clk 1:11:06]} 11. Rd1 {[%clk 1:11:40]} Rfd8 {[%clk 1:07:17]} 12. Nc4
{[%clk 1:03:19]} Ne4 {[%clk 1:06:20]} 13. Be3 {[%clk 0:39:29]} Be6
{[%clk 0:49:17]} 14. Ncd2 {[%clk 0:35:35]} Nf6 {[%clk 0:43:01]} 15. Nd4
{[%clk 0:32:52]} Bd5 {[%clk 0:41:43]} 16. f3 {[%clk 0:31:47]} e5 {[%clk 0:38:46]}
17. Nxc6 {[%clk 0:25:40]} bxc6 {[%clk 0:24:00]} 18. Ba4 {[%clk 0:24:04]} Rab8
{[%clk 0:23:23]} 19. b4 {[%clk 0:22:49]} Rbc8 {[%clk 0:21:24]} 20. Kf2
{[%clk 0:20:40]} Be6 {[%clk 0:19:16]} 21. Ne4 {[%clk 0:18:59]} Nd5
{[%clk 0:17:06]} 22. Bxc6 {[%clk 0:16:09]} Rxc6 {[%clk 0:14:27]} 23. c4
{[%clk 0:16:20]} Ra6 {[%clk 0:09:26]} 24. cxd5 {[%clk 0:15:36]} Rxd5
{[%clk 0:08:48]} 25. Rxd5 {[%clk 0:15:15]} Bxd5 {[%clk 0:08:58]} 26. Rd1
{[%clk 0:15:35]} Rxa2+ {[%clk 0:09:14]} 27. Kg3 {[%clk 0:15:20]} f5
{[%clk 0:08:51]} 28. Rxd5 {[%clk 0:15:21]} f4+ {[%clk 0:05:45]} 29. Bxf4
{[%clk 0:15:29]} exf4+ {[%clk 0:06:09]} 30. Kxf4 {[%clk 0:15:54]} Rb2
{[%clk 0:05:39]} 31. c6 {[%clk 0:15:54]} Rxb4 {[%clk 0:02:47]} 32. c7
{[%clk 0:15:56]} 1-0

[Event "XIII Open Internacional Marques de Pombal"]
[Site "EXPOCENTRO - POMBAL"]
[Date "2022.10.06"]
[Round "3.2"]
[White "Goncalves, Lucas Jordao"]
[Black "Padeiro, Jose Joao Tato"]
[Result "1-0"]
[BlackElo "2215"]
[WhiteElo "1849"]
[LiveChessVersion "1.4.8"]

1. e4 {[%clk 1:30:57]} c6 {[%clk 1:30:53]} 2. d4 {[%clk 1:30:27]} d5
{[%clk 1:31:18]} 3. Nc3 {[%clk 1:30:52]} dxe4 {[%clk 1:31:43]} 4. Nxe4
{[%clk 1:31:16]} Nf6 {[%clk 1:32:10]} 5. Nxf6+ {[%clk 1:31:39]} exf6
{[%clk 1:32:34]} 6. c3 {[%clk 1:32:03]} Bd6 {[%clk 1:32:56]} 7. Bd3
{[%clk 1:32:22]} O-O {[%clk 1:33:15]} 8. Qc2 {[%clk 1:32:28]} Re8+
{[%clk 1:33:29]} 9. Ne2 {[%clk 1:32:49]} h5 {[%clk 1:33:55]} 10. Be3
{[%clk 1:33:12]} Nd7 {[%clk 1:32:12]} 11. O-O-O {[%clk 1:33:23]} b5
{[%clk 1:32:07]} 12. Ng3 {[%clk 1:33:47]} Nb6 {[%clk 1:31:37]} 13. Nxh5
{[%clk 1:33:35]} Bg4 {[%clk 1:31:44]} 14. Be2 {[%clk 1:32:52]} Bxe2
{[%clk 1:30:15]} 15. Qxe2 {[%clk 1:33:11]} g6 {[%clk 1:29:58]} 16. Ng3
{[%clk 1:31:01]} f5 {[%clk 1:23:57]} 17. Qf3 {[%clk 1:30:27]} b4 {[%clk 1:20:22]}
18. cxb4 {[%clk 1:27:17]} Nd5 {[%clk 1:10:11]} 19. Bd2 {[%clk 1:26:22]} a5
{[%clk 1:07:19]} 20. b5 {[%clk 1:24:17]} Qb6 {[%clk 1:02:45]} 21. bxc6
{[%clk 0:35:22]} Rab8 {[%clk 0:58:58]} 22. Bc3 {[%clk 0:35:05]} Qxc6
{[%clk 0:54:48]} 23. Rhe1 {[%clk 0:30:31]} Rec8 {[%clk 0:52:40]} 24. Ne2
{[%clk 0:30:14]} Qc4 {[%clk 0:40:33]} 25. Kb1 {[%clk 0:27:41]} a4
{[%clk 0:23:06]} 26. Rc1 {[%clk 0:25:21]} a3 {[%clk 0:21:41]} 27. Ka1
{[%clk 0:16:25]} Nxc3 {[%clk 0:08:32]} 28. Rxc3 {[%clk 0:16:25]} axb2+
{[%clk 0:08:58]} 29. Kb1 {[%clk 0:16:48]} Qb4 {[%clk 0:08:02]} 30. Rd1
{[%clk 0:15:53]} Re8 {[%clk 0:07:59]} 31. Rb3 {[%clk 0:14:30]} Qc4
{[%clk 0:07:46]} 32. Rxb8 {[%clk 0:12:51]} Bxb8 {[%clk 0:07:43]} 33. Nc3
{[%clk 0:13:14]} Rc8 {[%clk 0:07:15]} 34. Kxb2 {[%clk 0:10:16]} Bd6
{[%clk 0:05:28]} 35. Qd3 {[%clk 0:08:43]} Qb4+ {[%clk 0:05:00]} 36. Kc2
{[%clk 0:09:03]} Qa3 {[%clk 0:04:04]} 37. Rb1 {[%clk 0:05:08]} Qxa2+
{[%clk 0:04:02]} 38. Rb2 {[%clk 0:05:30]} Qa5 {[%clk 0:03:27]} 39. Rb3
{[%clk 0:05:07]} Qa2+ {[%clk 0:02:16]} 40. Rb2 {[%clk 0:05:31]} Qa1
{[%clk 0:02:31]} 41. Rb1 {[%clk 0:05:46]} Qa5 {[%clk 0:01:58]} 42. Rb3
{[%clk 0:06:11]} Qd5 {[%clk 0:01:46]} 43. f3 {[%clk 0:04:29]} Bxh2
{[%clk 0:01:24]} 44. Qa6 {[%clk 0:03:43]} Qd8 {[%clk 0:01:19]} 45. Kd3
{[%clk 0:01:25]} Qe8 {[%clk 0:01:07]} 46. Nd5 {[%clk 0:01:23]} Kg7
{[%clk 0:00:34]} 47. Qf6+ {[%clk 0:01:44]} Kh7 {[%clk 0:00:35]} 48. Qh4+
{[%clk 0:02:00]} Kg7 {[%clk 0:00:33]} 49. Qxh2 {[%clk 0:02:23]} Rd8
{[%clk 0:00:35]} 50. Ne3 {[%clk 0:01:37]} Qa4 {[%clk 0:00:46]} 51. Qe5+
{[%clk 0:01:41]} Kg8 {[%clk 0:01:02]} 52. Rb8 {[%clk 0:01:27]} Qa6+
{[%clk 0:00:42]} 53. Kd2 {[%clk 0:01:47]} Qa2+ {[%clk 0:00:37]} 54. Nc2
{[%clk 0:02:03]} Rxb8 {[%clk 0:00:55]} 55. Qxb8+ {[%clk 0:02:27]} Kh7
{[%clk 0:01:23]} 56. Qe5 {[%clk 0:02:22]} 1-0

[Event "XIII Open Internacional Marques de Pombal"]
[Site "EXPOCENTRO - POMBAL"]
[Date "2022.10.06"]
[Round "3.3"]
[White "Povshednyi, Ivan"]
[Black "Farias, David Nuno M E"]
[Result "1/2-1/2"]
[BlackElo "1863"]
[WhiteElo "2140"]
[LiveChessVersion "1.4.8"]

1. Nf3 {[%clk 1:30:55]} c5 {[%clk 1:30:47]} 2. g3 {[%clk 1:31:15]} Nc6
{[%clk 1:30:22]} 3. Bg2 {[%clk 1:31:32]} g6 {[%clk 1:29:45]} 4. c3
{[%clk 1:29:45]} Nf6 {[%clk 1:19:27]} 5. d4 {[%clk 1:29:52]} d5 {[%clk 1:17:40]}
6. O-O {[%clk 1:26:54]} Bg7 {[%clk 1:16:46]} 7. Ne5 {[%clk 1:22:05]} e6
{[%clk 1:07:16]} 8. Nxc6 {[%clk 1:21:38]} bxc6 {[%clk 1:07:45]} 9. Bf4
{[%clk 1:12:44]} Nh5 {[%clk 1:02:53]} 10. Be3 {[%clk 1:12:24]} cxd4
{[%clk 0:48:43]} 11. cxd4 {[%clk 1:10:23]} O-O {[%clk 0:45:53]} 12. Nc3
{[%clk 1:07:27]} Nf6 {[%clk 0:33:34]} 13. Qd2 {[%clk 1:04:30]} Ng4
{[%clk 0:32:31]} 14. Bf4 {[%clk 1:02:43]} e5 {[%clk 0:30:49]} 15. dxe5
{[%clk 1:02:16]} Nxe5 {[%clk 0:30:00]} 16. b3 {[%clk 0:55:11]} Qa5
{[%clk 0:28:59]} 17. Nxd5 {[%clk 0:40:14]} Qxd2 18. Ne7+ {[%clk 0:40:35]} Kh8
{[%clk 0:29:20]} 19. Bxd2 {[%clk 0:41:03]} Bb7 {[%clk 0:25:11]} 20. Rac1
{[%clk 0:36:57]} Rfe8 {[%clk 0:22:07]} 21. Nxc6 {[%clk 0:21:00]} Nxc6
{[%clk 0:21:55]} 22. Bxc6 {[%clk 0:21:23]} Bxc6 {[%clk 0:22:23]} 23. Rxc6
{[%clk 0:21:44]} Rxe2 {[%clk 0:22:50]} 24. Bc3 {[%clk 0:21:49]} Rxa2
{[%clk 0:14:16]} 25. Bxg7+ {[%clk 0:22:09]} Kxg7 26. Re1 {[%clk 0:22:08]} Rb8
{[%clk 0:13:51]} 27. Re3 {[%clk 0:22:25]} Rb2 {[%clk 0:12:30]} 28. Rc7
{[%clk 0:22:41]} R8xb3 {[%clk 0:12:06]} 29. Rxb3 {[%clk 0:22:59]} Rxb3 30. Rxa7
{[%clk 0:23:21]} 1/2-1/2

[Event "XIII Open Internacional Marques de Pombal"]
[Site "EXPOCENTRO - POMBAL"]
[Date "2022.10.06"]
[Round "3.4"]
[White "Almeida, Joao Pedro Dias"]
[Black "Veleirinho, Tomas Carvalho"]
[Result "1-0"]
[BlackElo "1692"]
[WhiteElo "1901"]
[LiveChessVersion "1.4.8"]

1. d4 {[%clk 1:30:51]} Nf6 {[%clk 1:30:09]} 2. Nf3 {[%clk 1:30:57]} g6
{[%clk 1:29:09]} 3. c4 {[%clk 1:31:18]} Bg7 {[%clk 1:28:07]} 4. Nc3
{[%clk 1:31:24]} d5 {[%clk 1:27:28]} 5. cxd5 {[%clk 1:31:38]} Nxd5
{[%clk 1:26:52]} 6. e4 {[%clk 1:32:03]} Nxc3 {[%clk 1:26:25]} 7. bxc3
{[%clk 1:32:30]} c5 {[%clk 1:26:03]} 8. Bb5+ {[%clk 1:31:09]} Bd7
{[%clk 1:21:01]} 9. Bxd7+ {[%clk 1:31:31]} Qxd7 {[%clk 1:15:14]} 10. Be3
{[%clk 1:29:55]} Nc6 {[%clk 1:13:04]} 11. O-O {[%clk 1:30:13]} Qc7
{[%clk 1:06:20]} 12. Qe2 {[%clk 1:29:59]} O-O {[%clk 1:05:10]} 13. Rac1
{[%clk 1:29:05]} b6 {[%clk 0:48:03]} 14. dxc5 {[%clk 1:29:21]} Na5
{[%clk 0:47:31]} 15. cxb6 {[%clk 1:28:18]} axb6 {[%clk 0:46:57]} 16. c4
{[%clk 1:26:33]} Nb7 {[%clk 0:40:56]} 17. Rb1 {[%clk 1:23:17]} Nc5
{[%clk 0:40:14]} 18. Bxc5 {[%clk 1:23:53]} Qxc5 {[%clk 0:38:07]} 19. Rb5
{[%clk 1:24:09]} Qc7 {[%clk 0:35:23]} 20. Rfb1 {[%clk 1:24:18]} Ra6
{[%clk 0:34:57]} 21. Rd5 {[%clk 1:17:25]} Rfa8 {[%clk 0:27:46]} 22. Rd2
{[%clk 1:13:35]} Ra4 {[%clk 0:24:16]} 23. Rc2 {[%clk 1:11:41]} R8a5
{[%clk 0:18:50]} 24. Rb5 {[%clk 1:08:58]} Ra6 {[%clk 0:17:05]} 25. c5
{[%clk 1:07:57]} Qb7 {[%clk 0:13:18]} 26. c6 {[%clk 1:07:50]} Qc7
{[%clk 0:13:35]} 27. Rd5 {[%clk 1:07:36]} b5 {[%clk 0:11:42]} 28. Rd7
{[%clk 1:07:37]} Qc8 {[%clk 0:11:57]} 29. c7 {[%clk 1:07:49]} Rd6
{[%clk 0:11:47]} 30. Rxd6 {[%clk 1:07:25]} exd6 {[%clk 0:12:11]} 31. Qxb5
{[%clk 1:07:34]} Ra7 {[%clk 0:11:46]} 32. Qb8 {[%clk 1:07:27]} Ra8
{[%clk 0:11:58]} 33. Qxa8 {[%clk 1:07:53]} 1-0

[Event "XIII Open Internacional Marques de Pombal"]
[Site "EXPOCENTRO - POMBAL"]
[Date "2022.10.06"]
[Round "3.5"]
[White "Morais, Vitor Mestre"]
[Black "Ferreira, Hugo Miguel da Costa"]
[Result "1/2-1/2"]
[BlackElo "2101"]
[WhiteElo "1802"]
[LiveChessVersion "1.4.8"]

1. e4 c5 2. Nf3 e6 3. d4 cxd4 4. Nxd4 Nf6 5. Bd3 a6 6. O-O Qc7 7. Nc3 b5 8. a3
Bb7 9. Qe2 d6 10. Bg5 Be7 11. Rad1 Nbd7 12. Kh1 O-O 13. f4 Rfe8 14. Rf3 Bf8 15.
Rh3 e5 16. fxe5 Rxe5 17. Bf4 Ree8 18. Nf5 Ne5 19. Rg3 Ng6 20. Bg5 Nd5 21. Nxd5
Bxd5 22. Qg4 Be6 23. Rf1 d5 24. exd5 Bxd5 25. Qd1 Qb7 26. h4 Be4 27. h5 Bxf5 28.
Bxf5 Ne5 29. Bf6 Qc6 30. Bxe5 Rxe5 31. Qf3 Qxf3 32. Rgxf3 Rd8 33. g4 Rd4 34. Rf4
Rxf4 35. Rxf4 g6 36. hxg6 hxg6 37. Bd3 Re1+ 38. Rf1 Re6 39. Kg2 Kg7 40. Rf4 Bd6
41. Re4 Be5 42. b3 1/2-1/2

[Event "XIII Open Internacional Marques de Pombal"]
[Site "EXPOCENTRO - POMBAL"]
[Date "2022.10.06"]
[Round "3.6"]
[White "Ferreira, Eduardo Jose Fernandes"]
[Black "Goncalves, Samuel Jesus Pereira"]
[Result "0-1"]
[BlackElo "2072"]
[WhiteElo "1641"]
[LiveChessVersion "1.4.8"]

1. e4 {[%clk 1:30:29]} c6 {[%clk 1:30:37]} 2. d4 d5 {[%clk 1:31:00]} 3. Nc3
{[%clk 1:29:43]} dxe4 {[%clk 1:31:22]} 4. Nxe4 {[%clk 1:29:56]} Nf6
{[%clk 1:30:47]} 5. Nxf6+ {[%clk 1:28:53]} exf6 {[%clk 1:31:10]} 6. Nf3
{[%clk 1:27:28]} Bd6 {[%clk 1:31:20]} 7. Be2 {[%clk 1:23:24]} O-O
{[%clk 1:31:29]} 8. O-O {[%clk 1:23:32]} Bg4 {[%clk 1:26:31]} 9. Qd3
{[%clk 1:15:27]} Bh5 {[%clk 1:10:54]} 10. Bd2 {[%clk 1:07:42]} Re8
{[%clk 1:07:24]} 11. Rfe1 {[%clk 1:06:22]} Nd7 {[%clk 1:07:24]} 12. h3
{[%clk 1:03:16]} Nf8 {[%clk 0:58:05]} 13. c4 {[%clk 0:54:02]} Ne6
{[%clk 0:52:01]} 14. Rad1 {[%clk 0:48:10]} Qc7 {[%clk 0:43:29]} 15. Qc3
{[%clk 0:35:04]} Rad8 {[%clk 0:35:42]} 16. Nh4 {[%clk 0:23:06]} Bxe2
{[%clk 0:25:06]} 17. Rxe2 {[%clk 0:23:25]} g6 {[%clk 0:24:29]} 18. Rde1
{[%clk 0:20:28]} Bf8 {[%clk 0:23:10]} 19. Nf3 {[%clk 0:05:27]} Re7
{[%clk 0:19:29]} 20. d5 {[%clk 0:03:11]} cxd5 {[%clk 0:14:28]} 21. cxd5
{[%clk 0:03:24]} Rxd5 {[%clk 0:11:05]} 22. Qxc7 {[%clk 0:01:44]} Rxc7
{[%clk 0:11:25]} 23. Bc3 {[%clk 0:02:06]} Kg7 {[%clk 0:08:52]} 24. g3 Bc5
{[%clk 0:06:01]} 25. Kg2 {[%clk 0:01:48]} b5 {[%clk 0:05:57]} 26. Re4
{[%clk 0:02:01]} Rcd7 {[%clk 0:05:16]} 27. a4 {[%clk 0:01:55]} bxa4
{[%clk 0:04:01]} 28. Rxa4 {[%clk 0:02:14]} Rd3 {[%clk 0:04:17]} 29. Re2
{[%clk 0:01:12]} R7d5 {[%clk 0:03:57]} 30. Nd2 {[%clk 0:00:54]} Nd4
{[%clk 0:03:43]} 31. Bxd4 {[%clk 0:00:41]} Bxd4 {[%clk 0:04:06]} 32. Nf3
{[%clk 0:00:46]} Bb6 {[%clk 0:04:04]} 33. Rc2 {[%clk 0:00:33]} Rb5
{[%clk 0:03:41]} 34. b4 {[%clk 0:00:31]} Rb3 {[%clk 0:03:39]} 35. Rc4
{[%clk 0:00:39]} Rb2 {[%clk 0:02:38]} 36. Nd4 {[%clk 0:00:59]} Rd5
{[%clk 0:02:53]} 37. Nc2 {[%clk 0:01:02]} Rd2 {[%clk 0:03:09]} 0-1

[Event "XIII Open Internacional Marques de Pombal"]
[Site "EXPOCENTRO - POMBAL"]
[Date "2022.10.06"]
[Round "3.7"]
[White "Gama, Joao Tiago Corregedor"]
[Black "Figueiredo, Mario Jose da Rocha"]
[Result "0-1"]
[BlackElo "1842"]
[WhiteElo "1685"]
[LiveChessVersion "1.4.8"]

1. e4 {[%clk 1:30:57]} Nf6 {[%clk 1:30:36]} 2. e5 {[%clk 1:31:15]} Nd5
{[%clk 1:31:03]} 3. d4 {[%clk 1:31:00]} d6 {[%clk 1:31:19]} 4. exd6
{[%clk 1:31:27]} exd6 {[%clk 1:30:29]} 5. Nf3 {[%clk 1:30:53]} Be7
{[%clk 1:22:13]} 6. c4 {[%clk 1:29:59]} Nb6 {[%clk 1:21:19]} 7. h3
{[%clk 1:30:05]} Bf5 {[%clk 1:20:18]} 8. Bd3 {[%clk 1:30:20]} Bxd3
{[%clk 1:15:00]} 9. Qxd3 {[%clk 1:30:38]} O-O {[%clk 1:11:55]} 10. O-O
{[%clk 1:30:46]} Nc6 {[%clk 1:09:51]} 11. a3 {[%clk 1:30:12]} a5 {[%clk 1:09:37]}
12. d5 {[%clk 1:26:42]} Ne5 {[%clk 1:07:25]} 13. Nxe5 {[%clk 1:27:10]} dxe5
{[%clk 1:07:54]} 14. Be3 {[%clk 1:27:11]} Nd7 {[%clk 1:06:35]} 15. Nc3
{[%clk 1:27:19]} f5 {[%clk 0:58:38]} 16. f4 {[%clk 1:24:25]} e4 {[%clk 0:58:20]}
17. Qd2 {[%clk 1:24:52]} Nc5 {[%clk 0:54:10]} 18. Bxc5 {[%clk 1:24:49]} Bxc5+
{[%clk 0:54:38]} 19. Kh1 {[%clk 1:24:58]} a4 {[%clk 0:52:28]} 20. Rad1
{[%clk 1:24:30]} Re8 {[%clk 0:50:42]} 21. Ne2 {[%clk 1:23:12]} Qf6
{[%clk 0:50:09]} 22. Qc3 {[%clk 1:21:27]} Qb6 {[%clk 0:42:16]} 23. Nd4
{[%clk 1:18:34]} Bxd4 {[%clk 0:42:00]} 24. Rxd4 {[%clk 1:18:48]} Qc5
{[%clk 0:41:26]} 25. Re1 {[%clk 1:16:10]} Rad8 {[%clk 0:41:13]} 26. Re3
{[%clk 1:15:28]} Rd6 {[%clk 0:40:24]} 27. Rg3 {[%clk 1:10:06]} g6
{[%clk 0:37:05]} 28. Qe3 {[%clk 1:08:25]} b6 {[%clk 0:35:04]} 29. h4
{[%clk 0:58:34]} Red8 {[%clk 0:24:40]} 30. h5 {[%clk 0:57:06]} Kf7
{[%clk 0:17:08]} 31. Qc3 {[%clk 0:53:58]} c6 {[%clk 0:04:05]} 32. h6
{[%clk 0:48:34]} Rg8 {[%clk 0:02:28]} 33. Qb4 {[%clk 0:41:35]} Qxb4
{[%clk 0:01:47]} 34. axb4 {[%clk 0:42:04]} cxd5 {[%clk 0:02:02]} 35. Ra3
{[%clk 0:40:16]} g5 {[%clk 0:01:46]} 36. fxg5 {[%clk 0:38:56]} Rxg5
{[%clk 0:01:33]} 37. Rxa4 {[%clk 0:39:07]} Rxh6+ {[%clk 0:01:48]} 38. Kg1
{[%clk 0:39:31]} Rhg6 {[%clk 0:02:03]} 39. Ra7+ {[%clk 0:37:42]} Kf6
{[%clk 0:01:47]} 40. Rxd5 {[%clk 0:35:23]} Rxg2+ {[%clk 0:02:07]} 41. Kf1
{[%clk 0:35:49]} Rxb2 {[%clk 0:01:50]} 42. Rxh7 {[%clk 0:34:58]} Rgg2
{[%clk 0:01:42]} 43. Rh6+ {[%clk 0:33:42]} Kg5 {[%clk 0:01:54]} 44. Rxb6
{[%clk 0:29:11]} Rbf2+ {[%clk 0:01:58]} 45. Ke1 {[%clk 0:29:10]} e3
{[%clk 0:01:59]} 46. Rd1 {[%clk 0:27:17]} Rg1# 0-1